From Plassey to Partition: (Record no. 1715807)

MARC details
000 -LEADER
fixed length control field 00486nam a22001817a 4500
003 - CONTROL NUMBER IDENTIFIER
control field OSt
005 - DATE AND TIME OF LATEST TRANSACTION
control field 20260320104254.0
008 - FIXED-LENGTH DATA ELEMENTS--GENERAL INFORMATION
fixed length control field 260320b |||||||| |||| 00| 0 eng d
020 ## - INTERNATIONAL STANDARD BOOK NUMBER
International Standard Book Number 9788125025962
040 ## - CATALOGING SOURCE
Language of cataloging eng
Transcribing agency HDL
082 ## - DEWEY DECIMAL CLASSIFICATION NUMBER
Classification number 950 P4
100 ## - MAIN ENTRY--PERSONAL NAME
Personal name Babdyopadhyay, Sekhar
9 (RLIN) 1132610
245 ## - TITLE STATEMENT
Title From Plassey to Partition:
Remainder of title A History of Modern India
260 ## - PUBLICATION, DISTRIBUTION, ETC.
Place of publication, distribution, etc. New Delhi;
Name of publisher, distributor, etc. Orient Blackswan,
Date of publication, distribution, etc. 2004.
300 ## - PHYSICAL DESCRIPTION
Extent xix,523p.
942 ## - ADDED ENTRY ELEMENTS (KOHA)
Source of classification or shelving scheme Colon Classification (CC)
Koha item type Textual
Suppress in OPAC No
Holdings
Withdrawn status Lost status Source of classification or shelving scheme Damaged status Not for loan Home library Current library Date acquired Total Checkouts Date last seen Price effective from Koha item type
    Colon Classification (CC)     Department of History Library Department of History Library 2026-03-20   2026-03-20 2026-03-20 Textual
Copyright @ Delhi University Library System